000 00212nam a22000857a 4500
008 161017b xxu||||| |||| 00| 0 eng d
100 _9881
_aNCERT
245 _aTechnology and Children
260 _aNew Delhi
_bNCERT
_c2004
999 _c3532
_d3532